<?xml version="1.0" encoding="UTF-8"?>
<marc:record xmlns:marc="http://www.loc.gov/MARC21/slim">
   <marc:leader>00000nam a2200000 a 4500</marc:leader>
   <marc:datafield ind1="1" ind2=" " tag="100">
      <marc:subfield code="a">Perleth, Christoph</marc:subfield>
      <marc:subfield code="4">aut</marc:subfield>
      <marc:subfield code="e">Verfasser/-in</marc:subfield>
   </marc:datafield>
   <marc:datafield ind1="1" ind2=" " tag="100">
      <marc:subfield code="a">Schatz, Tanja</marc:subfield>
      <marc:subfield code="4">aut</marc:subfield>
      <marc:subfield code="e">Verfasser/-in</marc:subfield>
   </marc:datafield>
   <marc:datafield ind1="1" ind2=" " tag="100">
      <marc:subfield code="a">Gast-Gampe, Martina</marc:subfield>
      <marc:subfield code="4">aut</marc:subfield>
      <marc:subfield code="e">Verfasser/-in</marc:subfield>
   </marc:datafield>
   <marc:datafield ind1=" " ind2=" " tag="653">
      <marc:subfield code="a">Begabung</marc:subfield>
   </marc:datafield>
   <marc:datafield ind1=" " ind2=" " tag="653">
      <marc:subfield code="a">Kindererziehung</marc:subfield>
   </marc:datafield>
   <marc:datafield ind1="0" ind2="0" tag="245">
      <marc:subfield code="a">Die persönliche Begabung entdecken und stärken</marc:subfield>
   </marc:datafield>
   <marc:datafield ind1="0" ind2="0" tag="245">
      <marc:subfield code="c">Perleth, Christoph</marc:subfield>
   </marc:datafield>
   <marc:datafield ind1=" " ind2="1" tag="264">
      <marc:subfield code="a">Berlin</marc:subfield>
      <marc:subfield code="b">Urania-Ravensburger</marc:subfield>
      <marc:subfield code="c">2002</marc:subfield>
   </marc:datafield>
   <marc:datafield ind1="1" ind2=" " tag="520">
      <marc:subfield code="a">Ein praxisbezogener Ratgeber, der Eltern viele Anregungen für die Förderung der individuellen Intelligenz ihres Kindes bietet. (PI)      Mit seinem Kind vergnügliche Spielstunden erleben und dabei ganz nebenbei seine Begabungen fördern: Diesem Ziel hat sich das Autoren/innen-Team, allesamt erfahrene Pädagogen/innen und Psychologen/innen, verschrieben. In neun Kapiteln werden alle Formen der kindlichen Intelligenz anschaulich erläutert und viele konkrete Tipps zur Förderung in spielerischer Form, ohne Drill und erhobenem Zeigefinger, gegeben. Heutzutage unterscheidet die Wissenschaft sieben Intelligenzformen: die sprachliche und die mathematisch-rechnerische Intelligenz, räumliches und schlussfolgerndes Denken, die künstlerisch-kreative, die sportlich-motorische und die musikalische Begabung sowie die soziale Kompetenz. Die Autoren/innen verzichten bewusst darauf, den Eltern Begabungstests an die Hand zu geben. Ihrer Meinung nach müssen Eltern ihren Kindern Zeit geben, Begabungen und Interessen zu entwickeln, denn kein Kind ist völlig unbegabt, aber auch nicht in allen Bereichen gleich begabt. Das Wichtigste für Eltern ist, sich auf die Weltsicht ihres Kindes einzulassen und seine Interessen und Aktivitäten zu verstärken. Neben der speziellen Förderung lernen Kinder auch enorm, wenn man sie an vielen Bereichen des eigenen Lebens bewusst teilhaben lässt.   Die Autoren/innen verweisen mehrmals darauf, dass die Übungen und Tipps nicht stur wie ein Programm abgespult werden sollten, denn der Spaß und das Spielerische gehen dabei unweigerlich verloren. Das Buch bietet viele wertvolle Hinweise und Informationen und will Anregungen und Denkanstöße liefern. Im Anhang wird auf weiterführende Literatur verwiesen und das letzte Kapitel weist ausdrücklich darauf hin, dass man sich bei Problemen nicht scheuen sollte, eine Beratungsstelle aufzusuchen. Dieser Ravensburger-Ratgeber Familie überzeugt durch seine klare Gliederung und erhebt sympathischerweise nicht den Anspruch, allumfassend zu sein. Als allgemeiner Einstieg in das Thema Förderung von Kleinkindern bis zu 6 Jahren absolut empfehlenswert.  *bn* Alberta Krabacher-Kuprian</marc:subfield>
   </marc:datafield>
   <marc:datafield ind1=" " ind2=" " tag="020">
      <marc:subfield code="a">9783332010305</marc:subfield>
      <marc:subfield code="9">9783332010305</marc:subfield>
   </marc:datafield>
   <marc:datafield ind1=" " ind2=" " tag="020">
      <marc:subfield code="a">3332010301</marc:subfield>
      <marc:subfield code="9">3332010301</marc:subfield>
   </marc:datafield>
   <marc:datafield ind1=" " ind2=" " tag="041">
      <marc:subfield code="a">ger</marc:subfield>
   </marc:datafield>
   <marc:datafield ind1=" " ind2=" " tag="338">
      <marc:subfield code="a">Band</marc:subfield>
   </marc:datafield>
   <marc:datafield ind1=" " ind2=" " tag="300">
      <marc:subfield code="a">143 S. : Ill.</marc:subfield>
   </marc:datafield>
</marc:record>
